Football : Les 15 meilleurs passeurs de l'histoire du PSG - Statistiques

Statistiques générales
  • Ce quiz a été pris 577 fois
  • Le résultat moyen est 8 sur 15
Statistiques - réponses
Hint Nationalité Nombre de PD Joueur % Correct
1er Argentine 112 Angel Di Maria
97%
3ème France 94 Kylian Mbappé
96%
5ème Brésil 70 Neymar
93%
8ème Suède 53 Zlatan Ibrahimovic
92%
15ème Uruguay 35 Edinson Cavani
90%
6ème Italie 56 Marco Verratti
89%
14ème Allemagne 35 Julian Draxler
67%
7ème Argentine 56 Javier Pastore
58%
10ème Brésil 45 Lucas Moura
48%
4ème Algérie 80 Mustapha Dahleb
30%
2ème Yougoslavie/Bosnie 103 Safet Susic
30%
11ème France 42 Dominique Rocheteau
13%
9ème France 52 Jérôme Rothen
11%
12ème Brésil 40 Valdo
8%
13ème France 39 Paul Le Guen
5%
Aucun quiz correspondant
Distribution des résultats
% des personnes avec chaque résultat
Percentile par nombre de réponses
Votre historique - résultats
Vous n’avez pas pris ce quiz